Szczegóły MARC21

Bizancjum i Słowianie w IX wieku : studia z dziejów stosunków politycznych i kulturalnych /

003 -Nazwa inst., której nr kontr. jest w polu 001 [,]
    • @
    • Nazwa instytucji, której n kontrolny jest w polu 001
    • NUKAT
005 -DATA I CZAS OSTATNIEJ MODYFIKACJI [,]
    • @
    • pole kontrolne
    • 20241231115143.0
040 -Instytucja sporządzająca opis [ , ]
    • a
    • Instytucja, która sporządziła opis (NP)
    • LUBL U/MG
    • c
    • Instytucja, która sporządziła rekord (NP)
    • LUBL U/MG
    • d
    • Instytucja, która zmodyfikowała rekord (P)
    • LUBL U/bg
    • d
    • Instytucja, która zmodyfikowała rekord (P)
    • LUBL U/MGas
041 -Język dokumentu [0, ]
    • a
    • Język tekstu (P)
    • polski
    • b
    • Język streszczeń lub abstraktu (P)
    • francuski
942 -Rodzaj dokumentu [ , ]
    • c
    • Rodzaj dokumentu
    • Książka
100 -Hasło główne - nazwa osobowa [1, ]
    • a
    • Nazwa osobowa (NP)
    • Wasilewski, Tadeusz
    • d
    • Daty biograficzne (NP)
    • (1933-2005).
    • 9
    • KHW
    • 10930
245 -Strefa tytułu i oznaczenia odpowiedzialności [1,0]
    • a
    • Tytuł
    • Bizancjum i Słowianie w IX wieku : Find
    • b
    • Ciąg dalszy tytułu (NP)
    • studia z dziejów stosunków politycznych i kulturalnych / Find
    • c
    • Pozostałe elementy strefy tytułu i oznaczenia odpowiedzialności (NP)
    • Tadeusz Wasilewski.
260 -Strefa adresu wydawniczego [ , ]
    • a
    • Miejsce wydania (P)
    • Warszawa :
    • b
    • Nazwa wydawcy (P)
    • Państwowe Wydaw. Naukowe,
    • c
    • Data wydania (P)
    • 1972.
300 -Strefa opisu fizycznego [ , ]
    • a
    • Określenie formy książki i/lub objętość (NP)
    • 233 s., [3] s. tabl. :
    • b
    • Oznaczenie ilustracji (NP)
    • err. ;
    • c
    • Format (NP)
    • 24 cm.
336 -Typ zawartości [ , ]
    • a
    • Termin opisujący typ zawartości
    • Tekst
    • b
    • Kod określający zawartość
    • txt
    • 2
    • Źródło (terminu i kodu)
    • rdacontent
337 -Typ mediów [ , ]
    • a
    • Tryb odtwarzania
    • Bez urządzenia pośredniczącego
    • b
    • Kod typu mediów
    • n
    • 2
    • Źródło (terminu i kodu)
    • rdamedia
338 -Typ/rodzaj nośnika [ , ]
    • a
    • Hasło opisujące typ nośnika
    • Wolumin
    • b
    • Kod typu nośnika
    • nc
    • 2
    • Źródło (terminu i kodu)
    • rdacarrier
490 -Strefa serii i książki wielotomowej - forma nie do wyszukiwania [1, ]
    • a
    • Tytuł (P)
    • Rozprawy Uniwersytetu Warszawskiego, Find
    • x
    • ISSN (NP)
    • 0509-7177 ;
    • v
    • Numeracja (P)
    • 57
830 -Hasło dodatkowe serii i opisu książki wielotomowej - tytuł ujednolicony/tytuł [ ,0]
    • a
    • Tytuł ujednolicony/tytuł (NP)
    • Rozprawy Uniwersytetu Warszawskiego
    • x
    • ISSN
    • 0509-7177
    • v
    • Oznaczenie tomu (NP)
    • 57
    • 9
    • KHW
    • 10727
546 -Uwaga dot. języka [ , ]
    • a
    • Uwaga dot. języka
    • Streszcz. fr.
080 -Uniwersalna Klasyfikacja Dziesiętna [ , ]
    • a
    • Symbol klasyfikacji
    • 949.7(-81)"08"
650 -Hasło przedmiotowe [ ,7]
    • a
    • Hasło przedmiotowe
    • Słowianie Południowi
    • x
    • Określnik rzeczowy
    • historia.
    • 2
    • Źródło terminu
    • kaba
    • 9
    • KHW
    • 484860
651 -Hasło przedmiotowe w formie nazwy geograficznej [ ,7]
    • a
    • Nazwa geograficzna
    • Bizantyjskie, Cesarstwo
    • y
    • Określnik chronologiczny
    • 527-1081.
    • 2
    • Źródło terminu
    • kaba
    • 9
    • KHW
    • 103359
651 -Hasło przedmiotowe w formie nazwy geograficznej [ ,7]
    • a
    • Nazwa geograficzna
    • Bułgaria
    • y
    • Określnik chronologiczny
    • 681-1018.
    • 2
    • Źródło terminu
    • kaba
    • 9
    • KHW
    • 104069
980 -Symbol UKD [ , ]
    • a
    • UKD
    • 949.7(-81)"08"
931 -Powiązanie tyt. z wydaw. ciągłym [ , ]
    • a
    • Powiązanie tytułówki z wydaw. ciągłym
    • PATRZ WYDAWNICTWO CIĄGŁE
    • z
    • Numer rek. powiązanego
    • 119340